000 00770nam a2200241Ia 4500
003 OSt
005 20220923212438.0
006 a|||||r|||| 00| 0
007 ta
008 220922b |||||||| |||| 00| 0 hin d
024 _a153,019
037 _cTextual
040 _aARTS
_cARTS
_bhin
041 _2hin
_ahin
082 _aNR44:g, 152M7
100 _aमहावीर प्रसाद, मुकेश
_9162485
245 0 _aगांधर्व विवेचन
246 _aGāandharva vivechana
260 _aदिल्ली
_b राज पब्लि0 हाउस
_c1987
300 _a75 पृ.
_ccm.
942 _hNR44:g, 152M7
_cTEXL
_2CC
999 _c308667
_d308667